| 000 | 00463pab a2200157 454500 | ||
|---|---|---|---|
| 008 | 180718b1979 xxu||||| |||| 00| 0 eng d | ||
| 100 | _aMohapatra, Manindra Kumar | ||
| 245 | _aOverseas Indians in urban America: A study of their attitudes and experiences involving discrimination in American society | ||
| 260 | _c1979 | ||
| 300 | _ap.120-141. | ||
| 362 | _aJan-Mar | ||
| 650 | _aIndians in America | ||
| 773 | _aNagarlok | ||
| 908 | _aN | ||
| 909 | _a102068 | ||
| 999 |
_c102066 _d102066 |
||